| 000 | 00597nam a2200181Ia 4500 | ||
|---|---|---|---|
| 008 | 090124s9999 xx 000 0 und d | ||
| 082 | _b114349 | ||
| 100 | _aमडकईकर भालचंद्र | ||
| 245 | _a धरती भिडली आभाळाला | ||
| 250 | _a1 | ||
| 260 | _c1972 | ||
| 300 | _a160 | ||
| 600 | _aमडकईकर भालचंद्र | ||
| 630 | _a धरती भिडली आभाळाला | ||
| 700 | _aमडकईकर भालचंद्र | ||
| 730 | _a धरती भिडली आभाळाला | ||
| 942 | _cBOOK | ||
| 999 |
_c160440 _d160440 |
||